000 00457nmm a2200145Ia 4500
008 251105s9999||||xx |||||||||||||||||und||
041 _aspa
100 _aSaid Hung, Elías (editor)
245 0 _aDiálogos y desafíos euro-latinoamericanos
264 _a[Bogotá, Colombia] :
_bUniversidad del Norte,
_c2012
300 _a364 páginas
650 _aPolitical Science (General)
856 _uhttps://public.digitaliapublishing.com/a/21240
942 _cCF
999 _c104669
_d104669